LIBRARY & INFORMATION CENTRE, KCAET, TAVANUR

ONLINE PUBLIC ACCESS CATALOGUE (OPAC)

Engineering Machanics (Record no. 14107)

MARC details
000 -LEADER
fixed length control field 00279nam a22001217a 4500
020 ## - INTERNATIONAL STANDARD BOOK NUMBER
ISBN 9788186660102
082 ## - DEWEY DECIMAL CLASSIFICATION NUMBER
Classification number 620.1
Item number MAL/EN
100 ## - MAIN ENTRY--AUTHOR NAME
Personal name Malik, A. K
245 ## - TITLE STATEMENT
Title Engineering Machanics
260 ## - PUBLICATION, DISTRIBUTION, ETC. (IMPRINT)
Place of publication New Delhi
Name of publisher Souther Book Star
Year of publication 2013
300 ## - PHYSICAL DESCRIPTION
Number of Pages 233
942 ## - ADDED ENTRY ELEMENTS (KOHA)
Koha item type Books
Holdings
Withdrawn status Lost status Damaged status Collection code Home library Current library Shelving location Date acquired Source of acquisition Cost, normal purchase price Full call number Accession Number Koha item type
        KAUAET KAUAET General Stacks 04/12/2014 Southern Book Star 0.00 620.1 MAL/EN 24519 Books
        KAUAET KAUAET General Stacks 04/12/2014 Southern Book Star 0.00 620.1 MAL/EN 24520 Books
        KAUAET KAUAET General Stacks 04/12/2014 Southern Book Star 0.00 620.1 MAL/EN 24521 Books
        KAUAET KAUAET General Stacks 04/12/2014 Southern Book Star 0.00 620.1 MAL/EN 24522 Books
        KAUAET KAUAET General Stacks 04/12/2014 Southern Book Star 0.00 620.1 MAL/EN 24523 Books
        KAUAET KAUAET General Stacks 04/12/2014 Southern Book Star 0.00 620.1 MAL/EN 24524 Books
        KAUAET KAUAET General Stacks 04/12/2014 Southern Book Star 0.00 620.1 MAL/EN 24525 Books
        KAUAET KAUAET General Stacks 04/12/2014 Southern Book Star 0.00 620.1 MAL/EN 24526 Books
        KAUAET KAUAET General Stacks 04/12/2014 Southern Book Star 0.00 620.1 MAL/EN 24527 Books
        KAUAET KAUAET General Stacks 04/12/2014 Southern Book Star 0.00 620.1 MAL/EN 24528 Books
free website counter